Statistics for Clueless #17

Click here to take the quiz!

General Stats

  • This quiz has been taken 529 times
    (515 since last reset)
  • The average score is 90 of 120

Answer Stats

Word% Correct
   the    
95%
   the    
95%
   the    
95%
   the    
95%
   the    
95%
   you    
90%
   You    
90%
   your   
90%
 yourself 
90%
   you    
90%
   You    
90%
   your   
90%
 yourself 
90%
   you    
90%
   You    
90%
   your   
90%
 yourself 
90%
   You    
90%
   you    
90%
   your   
90%
 yourself 
90%
   You    
90%
   you    
90%
   your   
90%
 yourself 
90%
   it's   
88%
   it's   
88%
   it's   
88%
   it's   
88%
   it's   
88%
   And    
86%
  That's  
86%
   And    
86%
  That's  
86%
   And    
86%
  That's  
86%
   And    
86%
  That's  
86%
   And    
86%
  That's  
86%
    do    
81%
    it    
81%
    do    
81%
    it    
81%
    do    
81%
    it    
81%
    do    
81%
    it    
81%
    do    
81%
    it    
81%
    in    
80%
    in    
80%
    in    
80%
    in    
80%
    in    
80%
   what   
75%
   what   
75%
   what   
75%
   what   
75%
   what   
75%
   all    
72%
   all    
72%
   all    
72%
   all    
72%
   all    
72%
   out    
70%
  right  
70%
   out    
70%
   out    
70%
   out    
70%
   out    
70%
  right  
70%
   left   
69%
   left   
69%
  about  
68%
   put    
68%
  about  
68%
   put    
68%
  about  
68%
   put    
68%
  about  
68%
   put    
68%
  about  
68%
   put    
68%
   foot   
66%
   hand   
66%
   foot   
66%
   hand   
66%
   take   
65%
   take   
65%
   take   
65%
   take   
65%
   take   
65%
  shake  
63%
  shake  
63%
  shake  
63%
  shake  
63%
  shake  
63%
  around  
61%
  around  
61%
  around  
61%
  around  
61%
  around  
61%
  hokey  
60%
   turn   
60%
  hokey  
60%
   turn   
60%
  hokey  
60%
   turn   
60%
  hokey  
60%
   turn   
60%
  hokey  
60%
   turn   
60%
  pokey  
57%
  pokey  
57%
  pokey  
57%
  pokey  
57%
  pokey  
57%
   self   
50%
  whole  
50%

Score Distribution

Percentile by Number Answered

Percent of People with Each Score

Your Score History

You have not taken this quiz since the last reset